| 000 | 00708nam a22002537a 4500 | ||
|---|---|---|---|
| 001 | 0074 | ||
| 003 | DO-SdBNP | ||
| 005 | 20221117114905.0 | ||
| 007 | 0074 | ||
| 008 | 151118b1989 dr || 00| 0 spa d | ||
| 040 |
_aBPMSU _bspa _cBPMSU |
||
| 082 | 4 |
_a862.2 _bR741c 1989 _222 |
|
| 100 | 1 | 0 |
_aRojas, Fernando de _d1475?-1538? |
| 245 | 1 | 3 |
_aLa celestina / _cFernando de Rojas |
| 250 | _a4a ed. | ||
| 260 |
_aSanto Domingo : _bAlfa & Omega, _c1989. |
||
| 300 |
_a183 p. : _3il., _617 cm. |
||
| 500 | _aIncluye notas al pie de las páginas | ||
| 590 | _6Inventariado, 2022/VM | ||
| 650 | 4 |
_aTeatro español _vLiteratura juvenil |
|
| 650 | 4 | _aLiteratura juvenil | |
| 910 | _aVMateo V. /Validado | ||
| 942 |
_2ddc _cBK |
||
| 999 |
_c8768 _d8768 |
||